LEADER 01068nam a2200265 i 4500 001 000000148851 003 CaOOAMICUS 005 20060317000000.0 008 060317s1944 it u000 u ita u 013 $a126169 040 $aSeMil$bita 100 1 $aDella Casa, Giovanni,$c.$0(OLS)http://semarc/name/11132 245 13$aLe rime /$cGiovanni Della Casa ; con annotazioni di Adriano Seroni. 260 $aFirenze :$bLe Monnier,$c1944. 300 $a229 p. ;$c21 cm. 490 0 $aQuaderni di letteratura e d'arte ;$v10 500 $aContiene : Appendice. - Fondo Ciprandi. 700 1 $aSeroni, Adriano,$d<1918-1990>.$0(OLS)http://semarc/name/37646 830 0$aQuaderni di letteratura e d'arte ;$v10.$0(OLS)http://semarc/title/14178 850 $aSeMil 852 $aSeMil$W1$xVenegono$y1$m1C III 119$j101206$B101206$CSeMilBibl$Z2$F109921 $81 941 1 $a1 961 $aOmaggio: Ciprandi dott. Paolo 996 $6245$aLe rime$9(OLS)http://semarc/title/46095 996 $6260$aFirenze :$bLe Monnier$9(OLS)http://semarc/publisher/30060 LEADER 01046nam a2200253 i 4500 001 000000153847 003 CaOOAMICUS 005 20090403000000.0 008 090403s1980 it u000 u mul u 013 $a131193 040 $aSeMil$bita 100 1 $aAngiolini, Carlo.$0(OLS)http://semarc/name/60202 245 13$aLa Norma Resiada :$be altre sestine milanesi /$cCarlo Angiolini ; a cura di Dante Isella ; con una nota di Gianfranco Folena. 260 $aMilano :$b[s.n.],$c1980. 300 $a77 p. ;$c25 cm. 500 $aFondo Card. Giovanni Colombo. 700 1 $aFolena, Gianfranco,$d<1920-1992>.$0(OLS)http://semarc/name/7613 700 1 $aIsella, Dante ,$d<1922-2007>.$0(OLS)http://semarc/name/1198 850 $aSeMil 852 $aSeMil$W1$xVenegono$y1$m1F VI 50$j105732$B105732$CSeMilBibl$Z2$F140803 $81 941 1 $a3 961 $aLascito: Colombo Card. Giovanni 996 $6245$aLa Norma Resiada :$be altre sestine milanesi$9(OLS)http://semarc/title/225101 996 $6260$aMilano :$b[s.n.]$9(OLS)http://semarc/publisher/29709